La cuestión de límites [entre Chile y la Argentina] (Record no. 158502)

MARC details
000 -LEADER
campo de control de longitud fija 00869nam a2200205 i 4500
001 - NÚMERO DE CONTROL
campo de control 158502
003 - IDENTIFICADOR DE NÚMERO DE CONTROL
campo de control ES-MaACL
005 - FECHA Y HORA DE LA ÚLTIMA TRANSACCIÓN
campo de control 20230906211155.0
008 - DATOS DE LONGITUD FIJA--INFORMACIÓN GENERAL
campo de control de longitud fija 990310s1896 ag |||| | spa d
100 1# - ENTRADA PRINCIPAL--NOMBRE DE PERSONA
Nombre de persona Magnasco, Osvaldo.
9 (RLIN) 129346
245 13 - MENCIÓN DEL TÍTULO
Título La cuestión de límites [entre Chile y la Argentina]
Resto del título : el alegato chileno (refutación) /
Mención de responsabilidad, etc. por Osvaldo Magnasco.
260 ## - PUBLICACIÓN, DISTRIBUCIÓN, ETC.
Lugar de publicación, distribución, etc. Buenos Aires :
Nombre del editor, distribuidor, etc. Félix Lajouane,
Fecha de publicación, distribución, etc. 1896 (
Fabricante Imp. y Lit. Mariano Moreno)
300 ## - DESCRIPCIÓN FÍSICA
Extensión [4], 55 p. ;
Dimensiones 23 cm.
596 ## - NOTA AL PIE DE IMPRENTA
NOTA AL PIE DE IMPRENTA Marca tip. en port.
597 ## - NOTA DE DESCRIPCIÓN FÍSICA
NOTA DE DESCRIPCIÓN FÍSICA Antep.
651 #4 - PUNTO DE ACCESO ADICIONAL DE MATERIA--NOMBRE GEOGRÁFICO
Nombre geográfico Chile-
Subdivisión general Fronteras-
Subdivisión geográfica Argentina.
9 (RLIN) 158792
651 #4 - PUNTO DE ACCESO ADICIONAL DE MATERIA--NOMBRE GEOGRÁFICO
Nombre geográfico Argentina-
Subdivisión general Fronteras-
Subdivisión geográfica Chile.
9 (RLIN) 158791
852 ## - LOCALIZACIÓN
Ubicación ES-MaACL
Número de control de estantería T-797-F-7
Nota libre - Enc. hol., conservando cub. original
-- - Enc. en un vol. facticio
852 ## - LOCALIZACIÓN
Ubicación ES-MaACL
Número de control de estantería T-1430-F-10
Nota libre -- Enc. hol., conservando la cub. original
-- -- Enc. en un vol. facticio
Holdings
Estatus retirado Estado de pérdida Estado de daño No para préstamo Colección Biblioteca de origen Biblioteca actual Ubicación en estantería Fecha de adquisición Total de préstamos Signatura topográfica completa Código de barras Visto por última vez Precio de reemplazo Tipo de ítem Koha
        Colección de folletos Biblioteca del Ateneo de Madrid Biblioteca del Ateneo de Madrid Depósito folletos 17/01/2008   T-1430-F-10 1165900 23/02/2023 23/02/2023 Folleto
        Colección de folletos Biblioteca del Ateneo de Madrid Biblioteca del Ateneo de Madrid Depósito folletos 17/01/2008   T-797-F-7 1165899 23/02/2023 23/02/2023 Folleto